| 000 | 00942nam a22002535a 4500 | ||
|---|---|---|---|
| 005 | 20201128021004.0 | ||
| 008 | 131209s1977 nyu fr 000 0 eng d | ||
| 020 | _a067172002 | ||
| 020 | _a9780671724009 | ||
| 040 |
_aEG-SCBUE _beng _cEG-SCBUE _dEG-SCBUE |
||
| 082 | 0 | 4 |
_222 _a158.2 _bCAR |
| 110 | 2 |
_934547 _aDale Carnegie & Associates. |
|
| 245 | 1 | 4 |
_aThe quick & easy way to effective speaking : _bmodern techniques for dynamic communication / _cDale Carnegie ; revision by Dorthy Carnegie. |
| 246 | 3 | 3 | _aThe quick and easy way to effective speaking |
| 246 | 3 | 0 | _aModern techniques for dynamic communication |
| 260 |
_aNew York : _bPocket Books, _c1977. |
||
| 300 |
_axi, 221 p. ; _c18 cm. |
||
| 650 | 7 |
_91867 _aPublic speaking. _2BUEsh |
|
| 650 | 7 |
_93717 _aBusiness presentations. _2BUEsh |
|
| 651 | _2BUEsh | ||
| 653 |
_cDecember2013 _cJanuary2018 _bGGEN |
||
| 700 | 1 |
_934559 _aCarnegie, Dorthy _ereviewer. |
|
| 942 |
_2ddc _cBB _k158.2 CAR |
||
| 999 |
_c17796 _d17768 |
||